[Event "World Chess Olympiad 2018"]
[Site "Batumi"]
[Date "2018.10.04"]
[Round "10"]
[Board "1"]
[WhiteFideId "405647"]
[White "Hague Ben"]
[BlackFideId "7105029"]
[Black "Priasmoro Novendra"]
[Result "0-1"]
[LiveChessVersion "1.4.8"]
[BlackElo "2498"]
[WhiteElo "2405"]

1. e4 {[%clk 1:30:56]} c5 {[%clk 1:30:34]} 2. Nf3 {[%clk 1:31:19]} Nc6
{[%clk 1:30:41]} 3. d4 {[%clk 1:31:37]} cxd4 {[%clk 1:31:07]} 4. Nxd4
{[%clk 1:32:00]} g6 {[%clk 1:31:24]} 5. c4 {[%clk 1:32:05]} Bg7 {[%clk 1:31:42]}
6. Be3 {[%clk 1:32:03]} Nf6 {[%clk 1:32:03]} 7. Nc3 {[%clk 1:32:21]} d6
{[%clk 1:32:29]} 8. Be2 {[%clk 1:31:49]} O-O {[%clk 1:32:53]} 9. O-O
{[%clk 1:30:19]} Bd7 {[%clk 1:33:11]} 10. Qd2 {[%clk 1:29:37]} Nxd4
{[%clk 1:33:30]} 11. Bxd4 {[%clk 1:29:54]} Bc6 {[%clk 1:33:56]} 12. f3
{[%clk 1:29:55]} Nd7 {[%clk 1:34:20]} 13. Be3 {[%clk 1:29:51]} a5
{[%clk 1:34:35]} 14. b3 {[%clk 1:29:27]} Nc5 {[%clk 1:34:57]} 15. Rab1
{[%clk 1:29:06]} Qb6 {[%clk 1:35:10]} 16. Rfc1 {[%clk 1:28:34]} Rfc8
{[%clk 1:35:23]} 17. Rc2 {[%clk 1:28:24]} Qd8 {[%clk 1:34:56]} 18. Bf1
{[%clk 1:25:24]} Be5 {[%clk 1:26:41]} 19. a3 {[%clk 1:17:09]} e6 {[%clk 1:19:26]}
20. b4 {[%clk 1:11:16]} axb4 {[%clk 1:19:41]} 21. axb4 {[%clk 1:11:39]} Na4
{[%clk 1:19:51]} 22. Nxa4 {[%clk 1:08:36]} Bxa4 {[%clk 1:12:44]} 23. Rcc1
{[%clk 1:07:11]} Be8 {[%clk 1:10:31]} 24. Rd1 {[%clk 1:03:35]} Ba4
{[%clk 1:08:14]} 25. Rdc1 {[%clk 1:03:49]} Be8 {[%clk 1:07:05]} 26. Rd1
{[%clk 1:03:36]} Ra3 {[%clk 1:00:02]} 27. Bd4 {[%clk 0:56:03]} Bxd4+
{[%clk 0:40:00]} 28. Qxd4 {[%clk 0:56:24]} Qg5 {[%clk 0:40:19]} 29. Kh1
{[%clk 0:46:35]} Ba4 {[%clk 0:27:31]} 30. Rdc1 {[%clk 0:33:23]} Ra2
{[%clk 0:16:19]} 31. Ra1 {[%clk 0:24:50]} b5 {[%clk 0:11:05]} 32. Rxa2
{[%clk 0:19:14]} Qxc1 {[%clk 0:11:28]} 33. Ra1 {[%clk 0:12:51]} Rxc4
{[%clk 0:11:24]} 34. Qf6 {[%clk 0:12:48]} Qc3 {[%clk 0:11:15]} 35. e5
{[%clk 0:07:22]} Qxa1 {[%clk 0:10:49]} 36. Qd8+ {[%clk 0:07:42]} Kg7
{[%clk 0:11:14]} 37. Qf6+ {[%clk 0:08:08]} Kh6 {[%clk 0:11:40]} 38. h4
{[%clk 0:08:17]} Qxe5 {[%clk 0:11:44]} 39. Qd8 {[%clk 0:07:54]} Kg7
{[%clk 0:11:58]} 0-1

[Event "World Chess Olympiad 2018"]
[Site "Batumi"]
[Date "2018.10.04"]
[Round "10"]
[Board "2"]
[WhiteFideId "7101554"]
[White "Cuhendi Sean Winshand"]
[BlackFideId "4300599"]
[Black "Kulashko Alexei"]
[Result "1-0"]
[LiveChessVersion "1.4.8"]
[BlackElo "2349"]
[WhiteElo "2441"]

1. d4 {[%clk 1:30:05]} Nf6 {[%clk 1:30:48]} 2. Bf4 {[%clk 1:30:26]} e6
{[%clk 1:30:29]} 3. e3 {[%clk 1:30:36]} d5 {[%clk 1:29:53]} 4. Nd2
{[%clk 1:30:36]} c5 {[%clk 1:30:11]} 5. c3 {[%clk 1:30:05]} Nc6 {[%clk 1:30:17]}
6. Ngf3 {[%clk 1:29:29]} Bd6 {[%clk 1:30:29]} 7. Bg3 {[%clk 1:27:53]} Qe7
{[%clk 1:29:49]} 8. Ne5 {[%clk 1:24:25]} O-O {[%clk 1:30:03]} 9. Bd3
{[%clk 1:24:12]} Nd7 {[%clk 1:30:02]} 10. Nxd7 {[%clk 1:19:16]} Qxd7
{[%clk 1:30:23]} 11. O-O {[%clk 1:07:39]} Bxg3 {[%clk 1:23:21]} 12. hxg3
{[%clk 1:06:07]} Qe7 {[%clk 1:19:59]} 13. Qh5 {[%clk 0:53:56]} g6
{[%clk 1:17:23]} 14. Qh6 {[%clk 0:52:09]} e5 {[%clk 1:13:49]} 15. dxc5
{[%clk 0:52:01]} e4 {[%clk 0:57:13]} 16. Be2 {[%clk 0:48:29]} Qxc5
{[%clk 0:53:29]} 17. Rad1 {[%clk 0:42:11]} Be6 {[%clk 0:51:46]} 18. Nb3
{[%clk 0:36:51]} Qb6 {[%clk 0:50:01]} 19. Qf4 {[%clk 0:28:13]} a5
{[%clk 0:29:03]} 20. Qd6 {[%clk 0:26:46]} Rad8 {[%clk 0:25:12]} 21. Qa3
{[%clk 0:23:59]} Qc7 {[%clk 0:21:34]} 22. Bb5 {[%clk 0:19:40]} Ne5
{[%clk 0:15:43]} 23. Qc5 {[%clk 0:11:52]} Qb8 {[%clk 0:14:52]} 24. Nd4
{[%clk 0:10:59]} b6 {[%clk 0:14:30]} 25. Qe7 {[%clk 0:10:49]} Bg4
{[%clk 0:10:01]} 26. Rd2 {[%clk 0:10:43]} Qd6 {[%clk 0:09:02]} 27. Qxd6
{[%clk 0:06:37]} Rxd6 {[%clk 0:09:31]} 28. f3 {[%clk 0:07:00]} Bd7
{[%clk 0:08:39]} 29. Be2 {[%clk 0:06:23]} Rd8 {[%clk 0:05:58]} 30. Rfd1
{[%clk 0:06:04]} Ba4 {[%clk 0:04:56]} 31. b3 {[%clk 0:05:35]} Be8
{[%clk 0:04:43]} 32. f4 {[%clk 0:05:29]} Nc6 {[%clk 0:04:36]} 33. Nxc6
{[%clk 0:05:33]} Bxc6 {[%clk 0:04:41]} 34. c4 {[%clk 0:05:32]} Kf8
{[%clk 0:04:44]} 35. Rd4 {[%clk 0:04:04]} f5 {[%clk 0:04:35]} 36. g4
{[%clk 0:02:38]} Ke7 {[%clk 0:04:51]} 37. gxf5 {[%clk 0:02:28]} gxf5
{[%clk 0:05:10]} 38. Kf2 {[%clk 0:02:05]} dxc4 {[%clk 0:05:01]} 39. bxc4
{[%clk 0:02:33]} Rxd4 {[%clk 0:03:06]} 40. exd4 {[%clk 0:32:53]} Ba4
{[%clk 0:31:27]} 41. Rh1 {[%clk 0:29:08]} Rxd4 {[%clk 0:30:02]} 42. Rxh7+
{[%clk 0:26:23]} Kd8 {[%clk 0:29:14]} 43. Ke3 {[%clk 0:26:47]} Rd6
{[%clk 0:28:57]} 44. g4 {[%clk 0:22:48]} fxg4 {[%clk 0:27:47]} 45. Bxg4
{[%clk 0:22:53]} Bc2 {[%clk 0:26:54]} 46. f5 {[%clk 0:19:56]} Bd3
{[%clk 0:25:44]} 47. a3 {[%clk 0:17:51]} Bxc4 {[%clk 0:21:57]} 48. Kxe4
{[%clk 0:18:16]} b5 {[%clk 0:20:58]} 49. Ke5 {[%clk 0:18:03]} Rd5+
{[%clk 0:15:52]} 50. Kf4 {[%clk 0:18:23]} b4 {[%clk 0:15:36]} 51. axb4
{[%clk 0:18:39]} axb4 {[%clk 0:16:03]} 52. f6 {[%clk 0:18:40]} Rd4+
{[%clk 0:14:17]} 53. Kg5 {[%clk 0:18:45]} b3 {[%clk 0:11:46]} 54. Rb7
{[%clk 0:18:12]} Bd5 {[%clk 0:07:05]} 55. Rd7+ {[%clk 0:18:01]} Ke8
{[%clk 0:07:31]} 56. f7+ {[%clk 0:18:14]} Kf8 {[%clk 0:07:57]} 57. Bh5
{[%clk 0:18:41]} Rg4+ {[%clk 0:01:40]} 58. Bxg4 {[%clk 0:18:49]} b2
{[%clk 0:01:51]} 59. Kf6 {[%clk 0:18:49]} 1-0

[Event "World Chess Olympiad 2018"]
[Site "Batumi"]
[Date "2018.10.04"]
[Round "10"]
[Board "3"]
[WhiteFideId "4300084"]
[White "Ker Anthony F"]
[BlackFideId "7101589"]
[Black "Setyaki Azarya Jodi"]
[Result "0-1"]
[LiveChessVersion "1.4.8"]
[BlackElo "2316"]
[WhiteElo "2315"]

1. e4 {[%clk 1:30:56]} e5 {[%clk 1:30:55]} 2. Nf3 {[%clk 1:31:19]} Nc6
{[%clk 1:31:13]} 3. Bc4 {[%clk 1:31:40]} Nf6 {[%clk 1:31:38]} 4. d4
{[%clk 1:31:45]} exd4 {[%clk 1:31:58]} 5. e5 {[%clk 1:32:07]} d5 {[%clk 1:32:13]}
6. Bb5 {[%clk 1:32:29]} Ne4 {[%clk 1:32:37]} 7. Nxd4 {[%clk 1:32:10]} Bd7
{[%clk 1:33:02]} 8. Bxc6 {[%clk 1:31:33]} bxc6 {[%clk 1:33:29]} 9. O-O
{[%clk 1:27:25]} Bc5 {[%clk 1:33:55]} 10. f3 {[%clk 1:25:37]} Ng5
{[%clk 1:34:19]} 11. Be3 {[%clk 1:25:52]} Bb6 {[%clk 1:34:10]} 12. a4
{[%clk 1:19:03]} a5 {[%clk 1:29:55]} 13. Nd2 {[%clk 1:11:07]} c5 {[%clk 1:25:27]}
14. Ne2 {[%clk 1:09:44]} d4 {[%clk 1:23:14]} 15. Bf2 {[%clk 1:07:44]} Bc6
{[%clk 1:22:24]} 16. Ng3 {[%clk 1:07:06]} O-O {[%clk 1:19:23]} 17. Nc4
{[%clk 0:50:00]} Qd5 {[%clk 1:11:53]} 18. b3 {[%clk 0:47:57]} f6 {[%clk 1:08:43]}
19. h4 {[%clk 0:42:08]} Ne6 {[%clk 1:04:58]} 20. exf6 {[%clk 0:33:09]} Rxf6
{[%clk 1:05:09]} 21. Ne4 {[%clk 0:33:19]} Rf7 {[%clk 1:00:52]} 22. Qd2
{[%clk 0:29:13]} Nf4 {[%clk 0:39:50]} 23. Bg3 {[%clk 0:28:35]} Raf8
{[%clk 0:28:06]} 24. Ng5 {[%clk 0:26:32]} Rf5 {[%clk 0:15:29]} 25. Rae1
{[%clk 0:26:26]} R8f6 {[%clk 0:13:07]} 26. Bxf4 {[%clk 0:18:44]} Rxf4
{[%clk 0:13:36]} 27. Re4 {[%clk 0:19:02]} R4f5 {[%clk 0:09:33]} 28. Rfe1
{[%clk 0:18:17]} h6 {[%clk 0:06:52]} 29. Re5 {[%clk 0:11:53]} Qd7
{[%clk 0:06:05]} 30. Rxf5 {[%clk 0:08:33]} Qxf5 {[%clk 0:06:16]} 31. Ne4
{[%clk 0:07:57]} Rg6 {[%clk 0:06:34]} 32. Qf2 {[%clk 0:07:34]} Kh7
{[%clk 0:04:42]} 33. Ne5 {[%clk 0:05:30]} Qxe5 {[%clk 0:04:25]} 34. Ng5+
{[%clk 0:05:54]} Rxg5 {[%clk 0:04:48]} 35. Rxe5 {[%clk 0:06:19]} Rxe5
{[%clk 0:05:16]} 36. Qg3 {[%clk 0:06:31]} Re6 {[%clk 0:04:20]} 37. Qg4
{[%clk 0:06:17]} Rf6 {[%clk 0:04:44]} 38. Kh2 {[%clk 0:06:16]} c4
{[%clk 0:05:06]} 39. bxc4 {[%clk 0:05:57]} Bc5 {[%clk 0:05:35]} 40. f4
{[%clk 0:34:31]} Rxf4 {[%clk 0:35:44]} 41. Qe6 {[%clk 0:31:26]} Bd6
{[%clk 0:34:41]} 42. Kg1 {[%clk 0:30:33]} Rf6 {[%clk 0:34:55]} 43. Qe2
{[%clk 0:29:33]} Kh8 {[%clk 0:34:37]} 44. h5 {[%clk 0:29:11]} Rf5
{[%clk 0:32:08]} 45. g4 {[%clk 0:23:49]} Re5 {[%clk 0:31:58]} 46. Qd1
{[%clk 0:19:00]} Re4 {[%clk 0:31:32]} 47. g5 {[%clk 0:15:17]} Bg3
{[%clk 0:30:20]} 0-1

[Event "World Chess Olympiad 2018"]
[Site "Batumi"]
[Date "2018.10.04"]
[Round "10"]
[Board "4"]
[WhiteFideId "7103255"]
[White "Andyka Pitra"]
[BlackFideId "4303962"]
[Black "Gong Daniel Hanwen"]
[Result "1-0"]
[LiveChessVersion "1.4.8"]
[BlackElo "2276"]
[WhiteElo "2274"]

1. e4 {[%clk 1:30:55]} c6 {[%clk 1:30:57]} 2. d4 {[%clk 1:31:04]} d5
{[%clk 1:31:19]} 3. e5 {[%clk 1:31:05]} c5 {[%clk 1:31:17]} 4. dxc5
{[%clk 1:31:00]} e6 {[%clk 1:31:38]} 5. a3 {[%clk 1:30:02]} Bxc5 {[%clk 1:31:48]}
6. b4 {[%clk 1:29:47]} Bb6 {[%clk 1:32:08]} 7. Nf3 {[%clk 1:25:34]} Ne7
{[%clk 1:32:22]} 8. Bd3 {[%clk 1:25:31]} Ng6 {[%clk 1:32:42]} 9. O-O
{[%clk 1:25:24]} a5 {[%clk 1:32:48]} 10. b5 {[%clk 1:24:27]} Nd7 {[%clk 1:33:13]}
11. Qe2 {[%clk 1:21:07]} Qc7 {[%clk 1:29:40]} 12. Bb2 {[%clk 1:20:01]} Nf4
{[%clk 1:29:33]} 13. Qd2 {[%clk 1:19:49]} Nxd3 {[%clk 1:29:50]} 14. cxd3
{[%clk 1:18:48]} Nc5 {[%clk 1:29:29]} 15. Qd1 {[%clk 1:17:36]} a4
{[%clk 1:29:05]} 16. Nc3 {[%clk 1:16:07]} Bd7 {[%clk 1:25:20]} 17. Rc1
{[%clk 1:16:11]} Qd8 {[%clk 1:23:25]} 18. Rb1 {[%clk 1:08:15]} O-O
{[%clk 1:21:35]} 19. Re1 {[%clk 1:07:06]} Qe8 {[%clk 1:09:12]} 20. d4
{[%clk 1:00:07]} Ne4 {[%clk 1:07:01]} 21. Nxe4 {[%clk 0:58:05]} dxe4
{[%clk 1:07:26]} 22. Ng5 {[%clk 0:58:00]} Bxb5 {[%clk 1:00:29]} 23. Bc3
{[%clk 0:44:37]} Ba5 {[%clk 0:55:22]} 24. Bxa5 {[%clk 0:44:22]} Rxa5
{[%clk 0:55:44]} 25. Qd2 {[%clk 0:43:05]} Qd8 {[%clk 0:54:44]} 26. Nxe4
{[%clk 0:42:22]} Bc6 {[%clk 0:55:01]} 27. Nd6 {[%clk 0:42:15]} Rd5
{[%clk 0:54:28]} 28. Qf4 {[%clk 0:42:05]} f6 {[%clk 0:39:48]} 29. Qg4
{[%clk 0:41:07]} Qd7 {[%clk 0:38:54]} 30. Rbd1 {[%clk 0:38:07]} Ra8
{[%clk 0:35:05]} 31. Ne4 {[%clk 0:31:59]} f5 {[%clk 0:29:53]} 32. Nf6+
{[%clk 0:32:06]} Kh8 {[%clk 0:30:16]} 33. Nxd7 {[%clk 0:32:22]} fxg4
{[%clk 0:30:41]} 34. Nb6 {[%clk 0:32:27]} Rad8 {[%clk 0:27:47]} 35. Nxd5
{[%clk 0:32:51]} Rxd5 {[%clk 0:27:51]} 36. Re3 {[%clk 0:31:50]} Bb5
{[%clk 0:26:06]} 37. Rc3 {[%clk 0:30:49]} h5 {[%clk 0:25:11]} 38. Rc5
{[%clk 0:30:02]} Rxc5 {[%clk 0:25:09]} 39. dxc5 {[%clk 0:30:30]} Kh7
{[%clk 0:25:21]} 40. Rd6 {[%clk 0:58:33]} Bc4 {[%clk 0:55:30]} 41. Rd7
{[%clk 0:47:48]} Bd5 {[%clk 0:55:32]} 42. Rf7 {[%clk 0:47:08]} Kg6
{[%clk 0:54:57]} 43. Rf4 {[%clk 0:47:09]} Kg5 {[%clk 0:55:18]} 44. g3
{[%clk 0:47:08]} Bc6 {[%clk 0:55:30]} 45. Kf1 {[%clk 0:47:16]} h4
{[%clk 0:55:20]} 46. Ke2 {[%clk 0:46:47]} Kh5 {[%clk 0:55:16]} 47. Kd3
{[%clk 0:46:27]} g5 {[%clk 0:55:41]} 48. Rf6 {[%clk 0:46:18]} Bd5
{[%clk 0:56:06]} 49. Kc3 {[%clk 0:46:12]} hxg3 {[%clk 0:55:49]} 50. hxg3
{[%clk 0:46:28]} Bc4 {[%clk 0:55:32]} 51. Kxc4 {[%clk 0:46:00]} b5+
{[%clk 0:55:58]} 52. Kd4 {[%clk 0:46:12]} b4 {[%clk 0:56:21]} 53. Rf8
{[%clk 0:46:23]} 1-0

[Event "World Chess Olympiad 2018"]
[Site "Batumi"]
[Date "2018.10.04"]
[Round "10"]
[Board "1"]
[WhiteFideId "5702488"]
[White "Lim Zhuo Ren"]
[BlackFideId "200778"]
[Black "Docx Stefan"]
[Result "0-1"]
[LiveChessVersion "1.4.8"]
[BlackElo "2427"]
[WhiteElo "2182"]

1. Nf3 {[%clk 1:30:34]} g6 {[%clk 1:29:01]} 2. c4 {[%clk 1:29:47]} Bg7
{[%clk 1:29:21]} 3. g3 {[%clk 1:29:10]} d6 {[%clk 1:29:43]} 4. d4
{[%clk 1:28:50]} Nd7 {[%clk 1:30:05]} 5. Bg2 {[%clk 1:28:41]} e5 {[%clk 1:30:29]}
6. Nc3 {[%clk 1:28:46]} Ne7 {[%clk 1:30:18]} 7. O-O {[%clk 1:27:35]} O-O
{[%clk 1:30:44]} 8. e4 {[%clk 1:23:30]} exd4 {[%clk 1:31:03]} 9. Nxd4
{[%clk 1:23:49]} Nc6 {[%clk 1:31:27]} 10. Nde2 {[%clk 1:07:37]} Nc5
{[%clk 1:31:37]} 11. Be3 {[%clk 1:06:28]} a5 {[%clk 1:31:38]} 12. Qd2
{[%clk 1:05:29]} Ne5 {[%clk 1:24:41]} 13. b3 {[%clk 1:05:20]} a4 {[%clk 1:24:11]}
14. Rab1 {[%clk 1:01:05]} axb3 {[%clk 1:24:26]} 15. axb3 {[%clk 1:01:23]} Be6
{[%clk 1:14:02]} 16. f4 {[%clk 0:58:53]} Nxb3 {[%clk 1:12:39]} 17. Qc2
{[%clk 0:52:37]} Nxc4 {[%clk 1:12:21]} 18. Bc1 {[%clk 0:46:15]} Nxc1
{[%clk 1:06:53]} 19. Qxc1 {[%clk 0:46:24]} Nb6 {[%clk 1:04:41]} 20. Nd5
{[%clk 0:45:19]} Bxd5 {[%clk 0:56:04]} 21. exd5 {[%clk 0:45:44]} Ra5
{[%clk 0:56:00]} 22. Kh1 {[%clk 0:37:05]} Re8 {[%clk 0:56:10]} 23. Ng1
{[%clk 0:36:46]} Rc5 {[%clk 0:55:25]} 24. Qd1 {[%clk 0:36:24]} Nc4
{[%clk 0:55:32]} 25. Re1 {[%clk 0:35:02]} b5 {[%clk 0:51:35]} 26. Qd3
{[%clk 0:33:18]} Nb2 {[%clk 0:48:19]} 27. Qb3 {[%clk 0:32:07]} Na4
{[%clk 0:48:19]} 28. Ne2 {[%clk 0:26:31]} Qe7 {[%clk 0:47:21]} 29. Bf3
{[%clk 0:22:40]} Qd7 {[%clk 0:42:42]} 30. Rec1 {[%clk 0:21:38]} Qf5
{[%clk 0:39:50]} 31. g4 {[%clk 0:19:07]} Rxc1+ {[%clk 0:35:38]} 32. Rxc1
{[%clk 0:19:30]} Qd7 {[%clk 0:36:05]} 33. Rc6 {[%clk 0:18:21]} Rb8
{[%clk 0:34:21]} 34. Qb4 {[%clk 0:16:58]} Nc5 {[%clk 0:34:04]} 35. Nc1
{[%clk 0:14:50]} Qe7 {[%clk 0:33:57]} 36. Nb3 {[%clk 0:14:11]} Qe3
{[%clk 0:33:17]} 37. Bd1 {[%clk 0:13:08]} Bc3 {[%clk 0:32:53]} 0-1

[Event "World Chess Olympiad 2018"]
[Site "Batumi"]
[Date "2018.10.04"]
[Round "10"]
[Board "2"]
[WhiteFideId "1024523"]
[White "Beukema Stefan"]
[BlackFideId "5712181"]
[Black "Lye Lik Zang"]
[Result "1-0"]
[LiveChessVersion "1.4.8"]
[BlackElo "2351"]
[WhiteElo "2396"]

1. e4 {[%clk 1:30:53]} c5 {[%clk 1:30:45]} 2. Nf3 {[%clk 1:31:15]} d6
{[%clk 1:31:02]} 3. d4 {[%clk 1:31:28]} Nf6 {[%clk 1:31:19]} 4. Nc3
{[%clk 1:31:49]} cxd4 {[%clk 1:31:42]} 5. Nxd4 {[%clk 1:32:12]} Nc6
{[%clk 1:32:00]} 6. Bg5 {[%clk 1:31:20]} Bd7 {[%clk 1:32:18]} 7. Qd2
{[%clk 1:29:16]} Rc8 {[%clk 1:32:27]} 8. f4 {[%clk 1:29:08]} Nxd4
{[%clk 1:29:42]} 9. Qxd4 {[%clk 1:29:32]} Qa5 {[%clk 1:30:00]} 10. e5
{[%clk 1:29:49]} dxe5 {[%clk 1:29:22]} 11. fxe5 {[%clk 1:30:11]} e6
{[%clk 1:26:53]} 12. O-O-O {[%clk 1:19:30]} Bc5 {[%clk 1:18:48]} 13. Qd2
{[%clk 1:10:09]} Nd5 {[%clk 1:14:09]} 14. Nxd5 {[%clk 1:09:53]} Qxd2+
{[%clk 1:13:51]} 15. Rxd2 {[%clk 1:10:15]} exd5 {[%clk 1:14:13]} 16. Rxd5
{[%clk 1:10:24]} h6 {[%clk 1:11:25]} 17. Bh4 {[%clk 1:06:27]} g5 {[%clk 0:46:41]}
18. Be1 {[%clk 1:06:02]} a6 {[%clk 0:34:33]} 19. h4 {[%clk 1:03:48]} Be6
{[%clk 0:31:06]} 20. Rd3 {[%clk 0:54:13]} g4 {[%clk 0:27:46]} 21. Bc3
{[%clk 0:51:50]} b5 {[%clk 0:19:25]} 22. a3 {[%clk 0:51:22]} O-O {[%clk 0:16:02]}
23. Be2 {[%clk 0:48:24]} h5 {[%clk 0:10:34]} 24. Rf1 {[%clk 0:46:58]} Bc4
{[%clk 0:08:32]} 25. Rf5 {[%clk 0:46:21]} Bxd3 {[%clk 0:08:00]} 26. Bxd3
{[%clk 0:46:46]} Be3+ {[%clk 0:06:39]} 27. Kd1 {[%clk 0:44:09]} Rxc3
{[%clk 0:03:46]} 28. bxc3 {[%clk 0:44:33]} Rc8 {[%clk 0:04:09]} 29. Ke2
{[%clk 0:43:30]} Bc1 {[%clk 0:04:17]} 30. Rxh5 {[%clk 0:43:55]} Rxc3
{[%clk 0:04:22]} 31. Rf5 {[%clk 0:44:08]} Rc5 {[%clk 0:02:19]} 32. e6
{[%clk 0:39:24]} Rc7 {[%clk 0:02:39]} 33. Rf6 {[%clk 0:27:04]} Re7
{[%clk 0:01:13]} 34. Kd1 {[%clk 0:26:19]} Bxa3 {[%clk 0:01:17]} 35. exf7+
{[%clk 0:26:36]} Kf8 {[%clk 0:00:52]} 36. Rxa6 {[%clk 0:26:27]} Bb4
{[%clk 0:01:16]} 37. c3 {[%clk 0:25:10]} Bxc3 {[%clk 0:01:35]} 38. Bg6
{[%clk 0:25:35]} Rd7+ {[%clk 0:00:39]} 39. Kc2 {[%clk 0:25:59]} Bb4
{[%clk 0:00:46]} 40. Ra8+ {[%clk 0:56:02]} Kg7 {[%clk 0:31:12]} 41. Rg8+
{[%clk 0:56:24]} Kh6 {[%clk 0:29:01]} 42. h5 {[%clk 0:33:47]} Rd2+
{[%clk 0:27:19]} 43. Kb3 {[%clk 0:33:58]} Bc5 {[%clk 0:26:39]} 44. Rc8
{[%clk 0:32:19]} Be7 {[%clk 0:26:19]} 45. Re8 {[%clk 0:32:36]} Bc5
{[%clk 0:26:25]} 46. f8=Q+ {[%clk 0:30:34]} Bxf8 {[%clk 0:26:49]} 47. Rxf8
{[%clk 0:31:01]} Rxg2 {[%clk 0:27:00]} 48. Be8 {[%clk 0:29:52]} g3
{[%clk 0:14:46]} 49. Rf6+ {[%clk 0:29:52]} Kg5 50. Rg6+ {[%clk 0:25:09]} Kf4
{[%clk 0:13:35]} 51. h6 {[%clk 0:23:06]} Rh2 {[%clk 0:13:49]} 52. Bc6
{[%clk 0:22:49]} Rh3 {[%clk 0:12:08]} 53. Bg2 {[%clk 0:17:51]} Rh2
{[%clk 0:11:47]} 54. Bd5 {[%clk 0:17:36]} Rh5 {[%clk 0:10:37]} 55. Bc6
{[%clk 0:11:47]} Rh3 {[%clk 0:11:01]} 56. Kb4 {[%clk 0:10:51]} Kf5
{[%clk 0:10:47]} 57. Be8 {[%clk 0:07:46]} g2 {[%clk 0:07:57]} 58. Rxg2
{[%clk 0:07:10]} Rxh6 {[%clk 0:08:23]} 59. Bxb5 {[%clk 0:07:34]} Ke4
{[%clk 0:07:40]} 60. Rg8 {[%clk 0:07:20]} Kd5 {[%clk 0:06:33]} 61. Bc4+
{[%clk 0:07:33]} Kd4 {[%clk 0:06:16]} 62. Rd8+ {[%clk 0:07:47]} Ke4
{[%clk 0:06:12]} 63. Kc5 {[%clk 0:08:09]} Rh5+ {[%clk 0:05:44]} 64. Bd5+
{[%clk 0:08:32]} Ke5 {[%clk 0:05:26]} 65. Re8+ {[%clk 0:08:56]} Kf4
{[%clk 0:05:50]} 66. Kd4 {[%clk 0:09:18]} Rf5 {[%clk 0:05:34]} 67. Re1
{[%clk 0:09:30]} Rf6 {[%clk 0:05:45]} 68. Be6 {[%clk 0:08:10]} Kg3
{[%clk 0:04:17]} 69. Ke5 {[%clk 0:08:34]} Rf3 {[%clk 0:02:42]} 70. Bd5
{[%clk 0:08:51]} Kf2 {[%clk 0:02:28]} 71. Ra1 {[%clk 0:09:06]} Re3+
{[%clk 0:02:32]} 72. Kf4 {[%clk 0:09:21]} Rf3+ {[%clk 0:02:43]} 73. Ke5
{[%clk 0:09:43]} Re3+ {[%clk 0:03:07]} 74. Be4 {[%clk 0:10:08]} Rc3
{[%clk 0:02:34]} 75. Kf4 {[%clk 0:10:29]} Rf3+ {[%clk 0:03:00]} 76. Ke5
{[%clk 0:10:54]} Re3 {[%clk 0:03:01]} 77. Ra8 {[%clk 0:10:52]} Re2
{[%clk 0:03:00]} 78. Kf4 {[%clk 0:11:11]} Rd2 {[%clk 0:02:38]} 79. Rg8
{[%clk 0:10:15]} Re2 {[%clk 0:02:49]} 80. Bf3 {[%clk 0:10:18]} Rd2
{[%clk 0:02:51]} 81. Ke4 {[%clk 0:09:34]} Ke1 {[%clk 0:02:48]} 82. Rg1+
{[%clk 0:09:49]} Kf2 {[%clk 0:03:15]} 83. Rh1 {[%clk 0:10:10]} Kg3
{[%clk 0:03:33]} 84. Ke3 {[%clk 0:10:30]} Ra2 {[%clk 0:01:25]} 85. Rg1+
{[%clk 0:10:54]} Kh2 {[%clk 0:01:09]} 86. Rg5 {[%clk 0:10:53]} Ra3+
{[%clk 0:01:14]} 87. Kf4 {[%clk 0:08:40]} Ra4+ {[%clk 0:01:09]} 88. Be4
{[%clk 0:09:03]} Rb4 {[%clk 0:01:02]} 89. Rg2+ {[%clk 0:09:26]} Kh3
{[%clk 0:01:29]} 90. Ra2 {[%clk 0:09:26]} Rd4 {[%clk 0:00:41]} 91. Ra3+
{[%clk 0:09:41]} 1-0